Tales from firozsha banng / (Record no. 4696)

MARC details
000 -LEADER
fixed length control field 01222nam a22002537a 4500
001 - CONTROL NUMBER
control field 4696
003 - CONTROL NUMBER IDENTIFIER
control field FISKH
005 - DATE AND TIME OF LATEST TRANSACTION
control field 20240923094331.0
008 - FIXED-LENGTH DATA ELEMENTS--GENERAL INFORMATION
fixed length control field 240923b cb ||||| |||| 00| 0 eng d
020 ## - INTERNATIONAL STANDARD BOOK NUMBER
International Standard Book Number 9780771034701
040 ## - CATALOGING SOURCE
Original cataloging agency FISKH
Language of cataloging eng
Transcribing agency FISKH
Modifying agency FISKH
050 ## - LIBRARY OF CONGRESS CALL NUMBER
Classification number PR9199.M494
082 ## - DEWEY DECIMAL CLASSIFICATION NUMBER
Edition number 813.54
100 ## - MAIN ENTRY--PERSONAL NAME
Personal name Mistry, Rohinton
Dates associated with a name 1952-
245 ## - TITLE STATEMENT
Title Tales from firozsha banng /
Statement of responsibility, etc. Rohinton Mistry with an afterword by W.H. New
250 ## - EDITION STATEMENT
Edition statement edition 2000
260 ## - PUBLICATION, DISTRIBUTION, ETC.
Place of publication, distribution, etc. Toronto :
Name of publisher, distributor, etc. New Canadian,
Date of publication, distribution, etc. 2000.
300 ## - PHYSICAL DESCRIPTION
Extent 269 pages :
Dimensions 18cm
520 ## - SUMMARY, ETC.
Summary, etc. Firozsha Baag is an apartment building in Bombay. Its ceilings need plastering and some of the toilets leak appallingly, but its residents are far from desperate, though sometimes contentious and unforgiving. In these witty, poignant stories, Mistry charts the intersecting lives of Firozsha Baag, yielding a delightful collective portrait of a middle-class Indian community poised between the old ways and the new. "A fine collection...the volume is informed by a tone of gentle compassion for seemingly insignificant lives."--Michiko Kakutani, New York Times
650 ## - SUBJECT ADDED ENTRY--TOPICAL TERM
Source of heading or term Short stories
Topical term or geographic name entry element Bombay
650 ## - SUBJECT ADDED ENTRY--TOPICAL TERM
Source of heading or term To-read
942 ## - ADDED ENTRY ELEMENTS (KOHA)
Source of classification or shelving scheme Dewey Decimal Classification
Koha item type Books
Suppress in OPAC No
Holdings
Withdrawn status Lost status Source of classification or shelving scheme Damaged status Not for loan Home library Current library Shelving location Date acquired Total Checkouts Full call number Barcode Date last seen Copy number Price effective from Koha item type
    Dewey Decimal Classification     Footprints International School Library Network Toul Kork Campus Footprints International School Library Network Toul Kork Campus TTP Secondary Fiction Bookshelves 09/23/2024   MIS 813.54 PR9199.M494 2024-2057 09/23/2024 1 09/23/2024 Books